Popularne numery rap/trap tygodnia 12-18.03 Spotify. - Statystyki

Ogólne statystyki
  • Ten quiz został rozwiązany 12 razy
  • Średni wynik to 17 z 30
Statystyki odpowiedzi
Wykonawca Odsłuchania Utwór % Poprawnych
Ekipa 1.20M 3KIPA
100%
Young Leosia 708K Szklanki
100%
Quebonafide, Daria Zawiałow 341K BUBBLETEA
75%
Guzior, Oskar83 471K FALA
75%
Taco Hemingway 265K Polskie Tango
67%
Wiatr, Sobel, Be Vis 442K Testarossa
67%
Sobel 434K Alien
58%
Reto 357K Billy Kid
58%
Guzior 608K BLUEBERRY
58%
White 2115 235K California
58%
Kizo, Trill Pem 417K Fitness
58%
Mata, Wyguś, Szczepan, Adam 242K GOMBAO 33
58%
Sobel 357K Impreza
58%
Żabson 420K OBOK
58%
Alberto 363K Dwutakt
50%
Favst, Gibbs, Kukon 257K halo
50%
Sobel 334K Kinol
50%
Chivas, White 2115 406K Mam Na Twarzy Krew I Tym Razem Nie Jest Sztuczna
50%
OIO 522K Moonwalk
50%
Mata 245K Schodki
50%
Bedoes, Lanek 334K TOA$T /
50%
Sobel 387K To Ja
50%
Qry 260K Bierz do buzi
42%
Malik Montana, Tovaritch 396K Bratan
42%
Wac Toja 268K Kapitan
42%
Kabe, Opiat 299K Nad ranem
42%
Tymek, Kuba Karaś, Urbanski 262K Oczko w głowie
42%
Hodak, 2K, Deemz 301K Oh No!
42%
Bedoes, Lanek 258K City Boy
33%
Bedoes, Lanek 238K Doda
33%
Nie znaleziono quizów pasujących do podanych kryteriów
Rozkład punktacji
Procent ludzi z każdym wynikiem
Percentyl według liczby udzielonych odpowiedzi
Twoja historia wyników
Nie rozwiązałeś tego quizu